<?xml version="1.0" encoding="UTF-8"?>
<record
    xmlns:xsi="http://www.w3.org/2001/XMLSchema-instance"
    xsi:schemaLocation="http://www.loc.gov/MARC21/slim http://www.loc.gov/standards/marcxml/schema/MARC21slim.xsd"
    xmlns="http://www.loc.gov/MARC21/slim">

  <leader>00581nam a22001817a 4500</leader>
  <controlfield tag="005">20230914161010.0</controlfield>
  <controlfield tag="008">230810b        |||||||| |||| 00| 0 eng d</controlfield>
  <datafield tag="020" ind1=" " ind2=" ">
    <subfield code="a">9780071 834421</subfield>
  </datafield>
  <datafield tag="041" ind1=" " ind2=" ">
    <subfield code="a">eng</subfield>
  </datafield>
  <datafield tag="082" ind1=" " ind2=" ">
    <subfield code="a">729.24</subfield>
    <subfield code="b">MEA</subfield>
  </datafield>
  <datafield tag="100" ind1=" " ind2=" ">
    <subfield code="a">Meadows D</subfield>
    <subfield code="9">204307</subfield>
  </datafield>
  <datafield tag="245" ind1=" " ind2=" ">
    <subfield code="a">Preparing A Building Service Life Plan For Green Buildingd</subfield>
  </datafield>
  <datafield tag="260" ind1=" " ind2=" ">
    <subfield code="a">New Delhi</subfield>
    <subfield code="b">Mc Graw Hill</subfield>
    <subfield code="c">2014</subfield>
  </datafield>
  <datafield tag="300" ind1=" " ind2=" ">
    <subfield code="a">144p</subfield>
    <subfield code="b">Hb</subfield>
    <subfield code="c">23.5 x 15.5</subfield>
  </datafield>
  <datafield tag="365" ind1=" " ind2=" ">
    <subfield code="a">INR </subfield>
    <subfield code="b">3335.72</subfield>
    <subfield code="c">Rupaye</subfield>
  </datafield>
  <datafield tag="500" ind1=" " ind2=" ">
    <subfield code="a">Building Service Life Plan
Building Identification 
BSLP General
BSLP Major Building Elements</subfield>
  </datafield>
  <datafield tag="942" ind1=" " ind2=" ">
    <subfield code="c">BK</subfield>
  </datafield>
  <datafield tag="999" ind1=" " ind2=" ">
    <subfield code="c">355764</subfield>
    <subfield code="d">355764</subfield>
  </datafield>
  <datafield tag="952" ind1=" " ind2=" ">
    <subfield code="0">0</subfield>
    <subfield code="1">0</subfield>
    <subfield code="2">ddc</subfield>
    <subfield code="4">0</subfield>
    <subfield code="7">0</subfield>
    <subfield code="8">Book of Digital Architecture</subfield>
    <subfield code="a">BNCA</subfield>
    <subfield code="b">BNCA</subfield>
    <subfield code="d">2023-08-10</subfield>
    <subfield code="e">Word Book Shop</subfield>
    <subfield code="f">B Arch</subfield>
    <subfield code="g">3335.72</subfield>
    <subfield code="i">802</subfield>
    <subfield code="l">1</subfield>
    <subfield code="o">729.24 MEA</subfield>
    <subfield code="p">BNCA-BK-12244</subfield>
    <subfield code="r">2025-09-25 13:39:05</subfield>
    <subfield code="s">2025-09-19</subfield>
    <subfield code="t">37%</subfield>
    <subfield code="v">5294.80</subfield>
    <subfield code="w">2023-08-10</subfield>
    <subfield code="y">RF</subfield>
    <subfield code="z">BK12244</subfield>
  </datafield>
</record>
